000 00558nam a2200169Ia 4500
003 GCL
008 140319s9999 xx 000 0 ara d
040 _aGCL /
_cGCL
082 0 4 _a301.31
_bم ت
100 1 _aمحمد يسرى ابراهيم دعبس
245 1 0 _aتلوث المياه وتحديات الوجود /
_cمحمد يسرى ابراهيم دعبس
260 _a[S.N] :
_bدار الندوة الجديدة ،
_c1994
300 _a95 ص
490 _aسلسلة التنمية والبيئة
_v0
650 0 4 _aالمياه
942 _2ddc
_cBK
999 _c30382
_d30382